<?xml version="1.0" encoding="UTF-8"?>
<record
    xmlns:xsi="http://www.w3.org/2001/XMLSchema-instance"
    xsi:schemaLocation="http://www.loc.gov/MARC21/slim http://www.loc.gov/standards/marcxml/schema/MARC21slim.xsd"
    xmlns="http://www.loc.gov/MARC21/slim">

  <leader>01324nam a2200181Ia 4500</leader>
  <controlfield tag="008">151202s9999||||xx |||||||||||||| ||und||</controlfield>
  <datafield tag="082" ind1=" " ind2=" ">
    <subfield code="b">PNVM-75441</subfield>
  </datafield>
  <datafield tag="100" ind1=" " ind2=" ">
    <subfield code="a"> &#x92C;&#x945;&#x932;&#x94D;&#x921;&#x93E;&#x938;&#x940; &#x921;&#x947;&#x935;&#x94D;&#x939;&#x93F;&#x921;/&#x905;&#x928;&#x941;-&#x915;&#x930;&#x94D;&#x935;&#x947; &#x92E;&#x93E;&#x927;&#x935; </subfield>
  </datafield>
  <datafield tag="245" ind1=" " ind2=" ">
    <subfield code="a"> &#x92B;&#x930;&#x94D;&#x938;&#x94D;&#x91F; &#x92B;&#x945;&#x92E;&#x93F;&#x932;&#x940;-&#x936;&#x94B;&#x927; &#x906;&#x923;&#x93F; &#x92A;&#x94D;&#x930;&#x924;&#x93F;&#x936;&#x94B;&#x927;&#x93E;&#x91A;&#x93E; &#x90F;&#x915; &#x916;&#x93F;&#x933;&#x935;&#x942;&#x928; &#x920;&#x947;&#x935;&#x923;&#x93E;&#x930;&#x93E; &#x925;&#x930;&#x93E;&#x930;&#x915; &#x906;&#x923;&#x93F; &#x909;&#x924;&#x94D;&#x915;&#x902;&#x920;&#x93E;&#x92A;&#x942;&#x930;&#x94D;&#x923; &#x938;&#x93E;&#x939;&#x938;&#x928;&#x93E;&#x92E;&#x93E; by</subfield>
  </datafield>
  <datafield tag="260" ind1=" " ind2=" ">
    <subfield code="b">&#x936;&#x94D;&#x930;&#x940;&#x930;&#x93E;&#x92E; &#x92C;&#x941;&#x915; &#x90F;&#x91C;&#x928;&#x94D;&#x938;&#x940;</subfield>
  </datafield>
  <datafield tag="260" ind1=" " ind2=" ">
    <subfield code="c">2015</subfield>
  </datafield>
  <datafield tag="300" ind1=" " ind2=" ">
    <subfield code="a">455</subfield>
  </datafield>
  <datafield tag="600" ind1=" " ind2=" ">
    <subfield code="a"> &#x92C;&#x945;&#x932;&#x94D;&#x921;&#x93E;&#x938;&#x940; &#x921;&#x947;&#x935;&#x94D;&#x939;&#x93F;&#x921;/&#x905;&#x928;&#x941;-&#x915;&#x930;&#x94D;&#x935;&#x947; &#x92E;&#x93E;&#x927;&#x935; </subfield>
  </datafield>
  <datafield tag="630" ind1=" " ind2=" ">
    <subfield code="a"> &#x92B;&#x930;&#x94D;&#x938;&#x94D;&#x91F; &#x92B;&#x945;&#x92E;&#x93F;&#x932;&#x940;-&#x936;&#x94B;&#x927; &#x906;&#x923;&#x93F; &#x92A;&#x94D;&#x930;&#x924;&#x93F;&#x936;&#x94B;&#x927;&#x93E;&#x91A;&#x93E; &#x90F;&#x915; &#x916;&#x93F;&#x933;&#x935;&#x942;&#x928; &#x920;&#x947;&#x935;&#x923;&#x93E;&#x930;&#x93E; &#x925;&#x930;&#x93E;&#x930;&#x915; &#x906;&#x923;&#x93F; &#x909;&#x924;&#x94D;&#x915;&#x902;&#x920;&#x93E;&#x92A;&#x942;&#x930;&#x94D;&#x923; &#x938;&#x93E;&#x939;&#x938;&#x928;&#x93E;&#x92E;&#x93E; by</subfield>
  </datafield>
  <datafield tag="700" ind1=" " ind2=" ">
    <subfield code="a"> &#x92C;&#x945;&#x932;&#x94D;&#x921;&#x93E;&#x938;&#x940; &#x921;&#x947;&#x935;&#x94D;&#x939;&#x93F;&#x921;/&#x905;&#x928;&#x941;-&#x915;&#x930;&#x94D;&#x935;&#x947; &#x92E;&#x93E;&#x927;&#x935; </subfield>
  </datafield>
  <datafield tag="730" ind1=" " ind2=" ">
    <subfield code="a"> &#x92B;&#x930;&#x94D;&#x938;&#x94D;&#x91F; &#x92B;&#x945;&#x92E;&#x93F;&#x932;&#x940;-&#x936;&#x94B;&#x927; &#x906;&#x923;&#x93F; &#x92A;&#x94D;&#x930;&#x924;&#x93F;&#x936;&#x94B;&#x927;&#x93E;&#x91A;&#x93E; &#x90F;&#x915; &#x916;&#x93F;&#x933;&#x935;&#x942;&#x928; &#x920;&#x947;&#x935;&#x923;&#x93E;&#x930;&#x93E; &#x925;&#x930;&#x93E;&#x930;&#x915; &#x906;&#x923;&#x93F; &#x909;&#x924;&#x94D;&#x915;&#x902;&#x920;&#x93E;&#x92A;&#x942;&#x930;&#x94D;&#x923; &#x938;&#x93E;&#x939;&#x938;&#x928;&#x93E;&#x92E;&#x93E; by</subfield>
  </datafield>
  <datafield tag="942" ind1=" " ind2=" ">
    <subfield code="c">BOOK</subfield>
  </datafield>
  <datafield tag="999" ind1=" " ind2=" ">
    <subfield code="c">1342101</subfield>
    <subfield code="d">1342098</subfield>
  </datafield>
  <datafield tag="952" ind1=" " ind2=" ">
    <subfield code="0">0</subfield>
    <subfield code="1">0</subfield>
    <subfield code="4">0</subfield>
    <subfield code="7">0</subfield>
    <subfield code="a">PNVM</subfield>
    <subfield code="b">PNVM</subfield>
    <subfield code="d">2015-08-13</subfield>
    <subfield code="g">400.00</subfield>
    <subfield code="l">0</subfield>
    <subfield code="o">PNVM-75441</subfield>
    <subfield code="p">PNVM-75441</subfield>
    <subfield code="r">2015-12-02 00:00:00</subfield>
    <subfield code="v">400.00</subfield>
    <subfield code="w">2015-12-02</subfield>
    <subfield code="y">BOOK</subfield>
  </datafield>
</record>
